Matisse (Record no. 177397)

MARC details
000 -LEADER
campo de control de longitud fija 00737nam a22002175i 4500
001 - NÚMERO DE CONTROL
campo de control 177397
003 - IDENTIFICADOR DE NÚMERO DE CONTROL
campo de control ES-MaACL
005 - FECHA Y HORA DE LA ÚLTIMA TRANSACCIÓN
campo de control 20251109105427.0
008 - DATOS DE LONGITUD FIJA--INFORMACIÓN GENERAL
campo de control de longitud fija 110321s1956 sp a |||| | spa d
080 ## - NÚMERO DE LA CLASIFICACIÓN DECIMAL UNIVERSAL
Número de la Clasificación Decimal Universal 75 Matisse, Henri
100 1# - ENTRADA PRINCIPAL--NOMBRE DE PERSONA
Nombre de persona Duthuit, Georges.
9 (RLIN) 145761
245 10 - MENCIÓN DEL TÍTULO
Título Matisse
Resto del título : período fauve /
Mención de responsabilidad, etc. por Georges Duthuit.
260 ## - PUBLICACIÓN, DISTRIBUCIÓN, ETC.
Lugar de publicación, distribución, etc. Barcelona :
Nombre del editor, distribuidor, etc. Gustavo Gili,
Fecha de publicación, distribución, etc. cop. 1956.
300 ## - DESCRIPCIÓN FÍSICA
Extensión [12] p. , 15 h. de lám. col. :
Otras características físicas il. bl. y n. ;
Dimensiones 15 cm.
490 1# - MENCIÓN DE SERIE
Mención de serie Minia : pequeña enciclopedia de arte ;
Designación de volumen o secuencia 2
500 ## - NOTA GENERAL
Nota general Índice.
600 14 - PUNTO DE ACCESO ADICIONAL DE MATERIA--NOMBRE DE PERSONA
Nombre de persona Matisse, Henri,
Fechas asociadas al nombre 1869-1954
9 (RLIN) 79085
830 0# - PUNTO DE ACCESO ADICIONAL DE SERIE-TÍTULO UNIFORME
Título uniforme Minia : pequeña enciclopedia de arte ;
Designación de volumen o secuencia 2
9 (RLIN) 190451
852 ## - LOCALIZACIÓN
Ubicación ES-MaACL
Número de control de estantería 2293-F-2
Encuadernación Olim P-140
Holdings
Estatus retirado Estado de pérdida Estado de daño No para préstamo Colección Biblioteca de origen Biblioteca actual Ubicación en estantería Fecha de adquisición Fuente de adquisición Total de préstamos Signatura topográfica completa Código de barras Visto por última vez Precio de reemplazo Tipo de ítem Koha
        Colección de folletos Biblioteca del Ateneo de Madrid Biblioteca del Ateneo de Madrid Depósito folletos 21/03/2011     2293-F-2 1186321 23/02/2023 23/02/2023 Folleto